The Kerala general sales tax act, 1963 (Record no. 85967)

MARC details
000 -LEADER
fixed length control field 00818cam a2200241 4500
001 - CONTROL NUMBER
control field sa 68014693
003 - CONTROL NUMBER IDENTIFIER
control field DLC
005 - DATE AND TIME OF LATEST TRANSACTION
control field 20260227112634.0
008 - FIXED-LENGTH DATA ELEMENTS--GENERAL INFORMATION
fixed length control field 700219s1968 ii k 001 0 eng
010 ## - LIBRARY OF CONGRESS CONTROL NUMBER
LC control number sa 68014693
025 ## - OVERSEAS ACQUISITION NUMBER
Overseas acquisition number PL480:I-E-10930
040 ## - CATALOGING SOURCE
Original cataloging agency DLC
Transcribing agency DLC
Modifying agency DLC
050 00 - LIBRARY OF CONGRESS CALL NUMBER
Classification number KNT8801.2.A311963
Item number N37 1968
082 00 - DEWEY DECIMAL CLASSIFICATION NUMBER
Classification number 340
110 1# - MAIN ENTRY--CORPORATE NAME
Corporate name or jurisdiction name as entry element Kerala, India (State).
Form subheading Laws, statutes, etc.
245 14 - TITLE STATEMENT
Title The Kerala general sales tax act, 1963
Remainder of title (Act 15 of 1963 as amended by Acts 21 of 1963, 5 of 1967, 16 of 1967 and 3 of 1968) ... a commentary
Statement of responsibility, etc. by K. K. Narendran.
250 ## - EDITION STATEMENT
Edition statement [2d ed.]
260 ## - PUBLICATION, DISTRIBUTION, ETC.
Place of publication, distribution, etc. Ernakulam,
Name of publisher, distributor, etc. Southern Book Co.
Date of publication, distribution, etc. [1968]
300 ## - PHYSICAL DESCRIPTION
Extent 263, 68 p.
Other physical details forms.
Dimensions 26 cm.
350 ## - PRICE (NR) (BK AM CF MU VM SE) [OBSOLETE]
Price 11.00
650 #0 - SUBJECT ADDED ENTRY--TOPICAL TERM
Topical term or geographic name entry element Sales tax
General subdivision Law and legislation
Geographic subdivision India
-- Kerala.
700 1# - ADDED ENTRY--PERSONAL NAME
Personal name Narendran, K. K.,
Relator term ed.

No items available.

Powered by Koha